Linea base de información biofísica de la ecorregión del nororiente colombiano (Registro nro. 6408)

Detalles MARC
000 -CABECERA
Campo de control 01291nam a2200265 a 4500
005 - FECHA Y HORA DE LA ULTIMA TRANSACCION
Campo de control 20141223155122.0
008 - ELEMENTOS DE LONGITUD FIJA—INFORMACION GENERAL
Campo de control 140129b2004 ck ||||| |||| 00| 0 spa d
040 ## - FUENTE DE CATALOGACIÓN
Agencia transcriptora CO-BoIH
041 ## - IDIOMA
Código de idioma para texto/pista de sonido o título separado Español
044 ## - PAÍS DE PUBLICACIÓN
País de publicación Colombia
090 ## - CLASIFICACIÓN LOCAL
Colección IAVH
Consecutivo 01047
100 ## - ASIENTO PRINCIPAL--NOMBRE PERSONAL
Nombre personal Solanco, Clara
245 ## - MENCION DE TITULO
Título Linea base de información biofísica de la ecorregión del nororiente colombiano
260 ## - PUBLICACION, DISTRIBUCION, ETC. (PIE DE IMPRENTA)
Lugar de publicación, distribución, etc. Bogotá
Nombre del editor, distribuidor, etc. Instituto Alexander von Humboldt
-- Fundación Natura
Fecha de publicación, distribución, etc. 2004
300 ## - DESCRIPCION FISICA
Extensión 90 p.
520 ## - NOTA DE RESUMEN, ETC.
Nota de resumen Se estructura en cuatro capítulos; el primero describe la metodología de trabajo, el segundo organiza la información biofísica existente de acuerdo con los documentos consultados, y muestra la información organizada según el Sistema de Información en Biodiversidad del IAvH; el tercero describe la región del nororiente a partir de la información existente generando una compilación de la línea base; y el cuarto capitulo muestra el diagnóstico de las iniciativas de conservación in situ en la región
650 ## - ASIENTO SECUNDARIO DE MATERIA - TERMINO TEMATICO
Término temático o nombre geográfico como elemento de entrada Línea base
650 ## - ASIENTO SECUNDARIO DE MATERIA - TERMINO TEMATICO
Término temático o nombre geográfico como elemento de entrada Información biofísica
650 ## - ASIENTO SECUNDARIO DE MATERIA - TERMINO TEMATICO
Término temático o nombre geográfico como elemento de entrada Ecorregión
650 ## - ASIENTO SECUNDARIO DE MATERIA - TERMINO TEMATICO
Término temático o nombre geográfico como elemento de entrada Nororiente colombiano
700 ## - ASIENTO SECUNDARIO - NOMBRE PERSONAL
Nombre personal Rodríguez, Rocío
700 ## - ASIENTO SECUNDARIO - NOMBRE PERSONAL
Nombre personal Murillo, Xatli
942 ## - ELEMENTOS ADICIONALES (KOHA)
Tipo de ítem Informe Técnico
Sistema de clasificación Local
945 ## - PROCESAMIENTO LOCAL
AAAA-MM-DD - Fecha de ingreso o modificacion 2008-07-18
Existencias
Withdrawn status Lost status Sistema de Clasificación Damaged status No para préstamo Colección Inventariado Ubicación Permanente Ubicación actual Fecha de adquisición Total Checkouts Número topográfico Inventario / Código de Barras Date last seen Ejemplar Price effective from Forma de adquisición Tipo de material
    Local     Humboldt Inventariado 2017 Bogotá Bogotá 18/07/2008   IAVH-01047 025939 09/08/2024 Ej. 1 04/12/2012   Informe Técnico